00972nam a2200253 i 450000100060000000300090000600500170001500700030003200800410003504000200007608000240009608000250012010000300014524500600017526000640023530000450029953000350034461000400037961000370041985200200045685600890047699900170056595201360058253947ES-MaACL20230906162848.0t|960710s1897 fr f |||| | fre d aCAM bspa cCAM a271.1(460.182)(091) a726.71(460.182)(091)1 aFérotin, Marius.95022010aHistoire de l'Abbaye de Silos / cpar Marius Férotin. aParis : bErnest Leroux, c1897 (eBaugé : fImp. Daloux) aX, 368 p., [XVI] h. de lám. ; c27 cm. aDisponible en formato digital.27aAbadía de Silos-vHistoria.9113527aBenedictinos-zEspaña.9192726 aES-MaACLjC-872 uhttp://bdh-rd.bne.es/viewer.vm?id=0000192520&page=1 zBiblioteca Digital Hispánica c53947d53947 001040708Colección_digitalaATENEOMbATENEOMcSPALd2008-01-17eSCl0oC-872p1056696r2023-02-23 00:00:00w2023-02-23yMONANT